000 00408nam a22001697a 4500
003 OSt
005 20220223112125.0
008 220223b |||||||| |||| 00| 0 eng d
020 _a0415396565
040 _cHU
082 _a693.5
100 _aAlexander M. (ED)
_931298
245 _aConcrete Repair Rehabilitation And Retrofitting
260 _aLONDEN
_bLONDEN
300 _f512
942 _2ddc
_cBOOKS
_n0
999 _c31365
_d31365